000 00510nam a2200169Ia 4500
008 230917s9999||||xx |||||||||||||| ||und||
020 _cRS 2995.00 (set of 2 vol.)
040 _e5009162
_aMAIN
041 _aEnglish
082 _a301.045 A67M
100 _aAron, Raymond
245 0 _aMain currents in sociological thought. 2V-Durkheim, Pareto, Weber
260 _aNew Delhi
_bRawat Publications
_c2022
300 _axxi, 346 p.
500 _a4794 16/12/2022 HBD23/9644 19/01/2023 Main Budget
942 _cBK
999 _c7242
_d7242